00882cam a2200241 450000100060000000300080000600500170001400800390003103500190007004000320008904100130012108200220013410000330015624500980018926000350028730000250032250000290034750001280037650000280050450400210053265100480055365100390060127020BD-RjUL20211209051112.0140324s1954 enk 001 0 eng a(BD-RjUL)27091 aDLCcDLCdDLCdBD-RjULbeng1 aenghcze00a943.703bBEM 19541 aBeneš, Edvard,d1884-1948.10aMemoirs of Dr. Eduard Beneš :bfrom Munich to new war and new victory /cby Edvard Beneš. aLondon :bGeorge Allen,c1954. axi, 346 p. ;c24 cm. aTranslation of Paměti. a"The present volume is first of three which ... Beneš intended to write ... Only one of the three volumes was completed." aReprint of the 1954 ed. aIncludes index.  0aEuropexPolitics and governmenty1918-1945. 0aCzechoslovakiaxForeign relations.